A faith like mine : a celebration of the world's religions - seen through the eyes of children

Bibliographic Details
Main Author: Buller, Laura
Corporate Author: Title
Format: Book
Published: London : Dorling Kindersley , 2005
Subjects:

MARC

LEADER 00000cam a2200000 7i4500
001 0000005205
005 20151222.0
008 070802
020 |a 1405310189 
090 0 0 |a REG   |b ENG 
100 1 |a Buller, Laura 
245 1 2 |a A faith like mine :   |b a celebration of the world's religions - seen through the eyes of children   |c Laura Buller 
260 |a London :   |b Dorling Kindersley ,   |c 2005 
500 |a Children ages 10-12 years old (pink) 
650 0 |a Junior fiction   |x English   |x Languages 
650 0 |a Religion 
710 0 |a Title 
999 |a 0000979019   |b Book   |c Children Collection   |e Cawangan Bandar Penawar